| 000 | 01203nam a22003377a 4500 | ||
|---|---|---|---|
| 003 | CHAP | ||
| 005 | 20220329140510.0 | ||
| 008 | 971013c19461936 r 00010 d | ||
| 010 | _a52866 | ||
| 011 | _a53838 | ||
| 035 | _a57988 | ||
| 040 | _cCHAP | ||
| 082 |
_a664.1 _bT76 |
||
| 100 | 0 | 0 |
_aTromp, Lucas Andreas. _9115271 |
| 245 | _aMachinery and equipment of the cane sugar factory; a textbook on machenery for the cane sugar industry | ||
| 260 |
_aLondon : _bNorman Rodger, _c1946 (c.1936) |
||
| 300 |
_a644 p. _b: ilus. |
||
| 590 |
_aBATCH-UPD _b10 _c20130110 _lUCH01 _h0045 |
||
| 590 |
_aBATCH-UPD _b10 _c20130110 _lUCH01 _h0631 |
||
| 590 |
_aBATCH-UPD _b10 _c20130409 _lUCH01 _h2031 |
||
| 590 |
_aBATCH-UPD _b10 _c20130410 _lUCH01 _h0514 |
||
| 590 |
_aBATCH-UPD _b10 _c20130914 _lUCH01 _h0510 |
||
| 590 |
_aCONVERSION _b10 _c20130109 _lUCH01 _h1329 |
||
| 650 | 1 | 4 |
_aAzúcar _xFabricación y refinación. _99152 |
| 650 | 1 | 4 |
_aAzúcar _xMaquinaria. _99162 |
| 901 | _aBK | ||
| 942 | _cLIBRO | ||
| 949 |
_a664.1 T76 _bBC _cLIBRO _d-125940 _eLIBRO _h25289 _i57988 _si |
||
| 949 |
_a664.1 T76 _bBC _cLIBRO _d-125941 _eLIBRO _fc.2 _h25290 _i57988 _si |
||
| 949 |
_a664.1 T76 _bBC _cLIBRO _d-125942 _eLIBRO _fc.3 _h25291 _i57988 _si |
||
| 999 |
_c52866 _d52866 |
||